LEADER 00989cam0-22003371i-450- 001 990007828670403321 005 20121019094956.0 010 $a88-7916-134-2 035 $a000782867 035 $aFED01000782867 035 $a(Aleph)000782867FED01 035 $a000782867 100 $a20031006d2000----km-y0itay50------ba 101 0 $aita 102 $aIT 105 $ay-------001yy 200 1 $a450 quesiti di statistica psicometrica e psicometria$fClaudio Barbaranelli ... [et al.] 210 $aMilano$cLED$d2000 215 $a227 p.$d21 cm 225 1 $aStrumenti e metodi per le scienze sociali 610 0 $aStatistica psicometrica 610 0 $aPsicometria 676 $a519.5076$v21$zita 702 1$aBarbaranelli,$bClaudio$f<1946- > 801 0$aIT$bUNINA$gREICAT$2UNIMARC 901 $aBK 912 $a990007828670403321 952 $aP.1 PCP 340$fFLFBC 959 $aFLFBC 996 $a450 quesiti di statistica psicometrica e psicometria$9663370 997 $aUNINA LEADER 02168nam 2200601 450 001 9910828762803321 005 20221028155725.0 010 $a1-4704-0697-7 035 $a(CKB)3360000000464471 035 $a(EBL)3113598 035 $a(SSID)ssj0000889194 035 $a(PQKBManifestationID)11493928 035 $a(PQKBTitleCode)TC0000889194 035 $a(PQKBWorkID)10875645 035 $a(PQKB)10141170 035 $a(MiAaPQ)EBC3113598 035 $a(RPAM)461644 035 $a(PPN)195411692 035 $a(EXLCZ)993360000000464471 100 $a19830829h19831983 uy| 0 101 0 $aeng 135 $aur|n|---||||| 181 $ctxt 182 $cc 183 $acr 200 10$aR-linear endomorphisms of (R)[subscript n] preserving invariants /$fBernard R. McDonald 210 1$aProvidence, R.I., USA :$cAmerican Mathematical Society,$d[1983] 210 4$d©1983 215 $a1 online resource (73 p.) 225 1 $aMemoirs of the American Mathematical Society,$x0065-9266 ;$vvolume 46, number 287 (November 1983) 300 $a"November 1983." 311 $a0-8218-2287-X 320 $aIncludes bibliographical references. 327 $a""CONTENTS""; ""(A) INTRODUCTION""; ""(B) IDEMPOTENTS AND LINEAR MAPS OF (R)[sub(n)]""; ""(C) EQUIVALENCE TRANSFORMATIONS AND INVOLUTIONS""; ""(D) INVERTIBLE SUBMODULES OF (R)[sub(n)] AND EQUIVALENCE TRANSFORMATIONS""; ""(E) RANK ONE ENDOMORPHISMS""; ""(F) THE LOCAL CASE""; ""(G) THE GLOBAL CASE""; ""(H) APPLICATIONS""; ""REFERENCES"" 410 0$aMemoirs of the American Mathematical Society ;$vnumber 287. 606 $aMatrix rings 606 $aCommutative rings 606 $aInvariants 606 $aR (Computer program language) 615 0$aMatrix rings. 615 0$aCommutative rings. 615 0$aInvariants. 615 0$aR (Computer program language). 676 $a510 s 676 $a512/.5 700 $aMcDonald$b Bernard R.$042261 801 0$bMiAaPQ 801 1$bMiAaPQ 801 2$bMiAaPQ 906 $aBOOK 912 $a9910828762803321 996 $aR-linear endomorphisms of (R) preserving invariants$94097132 997 $aUNINA LEADER 01687nam2 2200409 i 450 001 PIS0059954 005 20251003044309.0 010 $a9788832139013 020 $aIT$b2019-10351 100 $a20200123d2019 ||||0itac50 ba 101 | $aita 102 $ait 181 1$6z01$ai $bxxxe 182 1$6z01$an 183 1$6z01$anc$2RDAcarrier 200 1 $aˆ6: ‰Scritti sull'agricoltura e sul territorio$fLuigi Einaudi$ga cura di Alberto Giordano 210 $aTorino$cFondazione Luigi Einaudi$d2019 215 $aVIII, 551 p.$c1 ritratto$d25 cm 461 1$1001UTO1303961$12001 $aEdizione nazionale degli scritti$fLuigi Einaudi$v6 606 $aEconomia agraria$2FIR$3CFIC007530$9E 606 $aItalia$xPolitica agraria$xSec. 19.-20.$2FIR$3IEIC421286$9E 676 $a330.08$9Economia. Collezioni$v22 676 $a333.00945$9ECONOMIA DELLA TERRA IN ITALIA$v20 676 $a338.1$9AGRICOLTURA$v23 696 $aEconomia agricola 699 $aEconomia agraria$yEconomia agricola 700 1$aEinaudi$b, Luigi$3CFIV026671$4070$0319569 702 1$aGiordano$b, Alberto$f <1976- >$3TO0V592999$4340 790 0$aJunius$3TO0V504803$zEinaudi, Luigi 790 0$aVeterano$3TO0V536170$zEinaudi, Luigi 801 3$aIT$bIT-000000$c20200123 850 $aIT-BN0095 $aIT-NA0079 $aIT-NA0070 $aIT-NA0120 912 $aPIS0059954 950 2$aBiblioteca Centralizzata di Ateneo$d 01BCA SC. SOCIAL 366$e 01 0000006705 VMA 1 v.$fB $h20210909$i20210909 977 $a 01$a BN$a BU$a CR 996 $aScritti sull'agricoltura e sul territorio$91730138 997 $aUNISANNIO